Pokémon que empiezan por la letra D - Estadísticas

Estadísticas generales
  • Esta prueba ha sido intentada 20 veces
  • La puntuación promedio es 37 de 61
Estadísticas de respuestas
Gen. Tipo Respuesta % Correcto
I Tierra Dugtrio
100%
I Dragon Dragonair
92%
I Dragon/Volador Dragonite
92%
I Dragon Dratini
92%
I Agua/Hielo Dewgong
83%
I Tierra Diglett
83%
I Normal/Volador Doduo
83%
V Fuego Darmanitan
75%
I Normal/Volador Dodrio
75%
V Dragon Druddigon
75%
V Siniestro/Dragon Deino
67%
II Hielo/Volador Delibird
67%
V Agua Dewott
67%
IV Dragon/Acero Dialga
67%
I Normal Ditto
67%
VII Normal/Dragon Drampa
67%
I Psíquico Drowzee
67%
V Agua/Volador Ducklett
67%
VIII Dragon/Acero Duraludon
67%
III Fantasma Dusclops
67%
IV Fantasma Dusknoir
67%
IV Siniestro Darkrai
58%
V Fuego Darumaka
58%
VII Planta/Fantasma Decidueye
58%
VI Eléctrico/Hada Dedenne
58%
VI Fuego/Psíquico Delphox
58%
VII Fantasma/Planta Dhelmise
58%
VI Hada/Roca Diancie
58%
VI Normal/Tierra Diggersby
58%
VIII Planta/Dragon Dipplin
58%
IX Planta/Normal Dolliv
58%
IX Agua Dondozo
58%
II Tierra Donphan
58%
VI Veneno/Dragon Dragalge
58%
VIII Dragon/Fantama Dragapult
58%
IV Veneno/Sinienstro Drapion
58%
VIII Dragon/Fantasma Dreepy
58%
IV Fantasma/Volador Drifblim
58%
IV Fantasma/Volador Drifloon
58%
II Normal Dunsparce
58%
V Bicho/Acero Durant
58%
III Fantasma Duskull
58%
III Bicho/Veneno Dustox
58%
IX Hada Dachsbun
50%
VII Planta/Volador Dartrix
50%
III Psíquico Deoxys
50%
VII Agua/Bicho Dewpider
50%
VI Acero/Fantasma Doublade
50%
VIII Agua/Dragon Dracovish
50%
VIII Eléctrico/Dragon Dracozolt
50%
VIII Dragon/Fantasma Drakloak
50%
VIII Agua/Roca Drednaw
50%
V Tierra Drilbur
50%
IX Normal Dudunsparce
50%
V Psíquico Duosion
50%
V Bicho/Roca Dwebble
50%
V Normal/Planta Deerling
42%
VIII Bicho/Psíquico Dottler
42%
VIII Normal Dubwool
42%
III Normal Delcatty
33%
VIII Agua Drizzile
25%
No se encontraron pruebas coincidentes
Distribución de puntuación
Porcentaje de gente con cada puntuación
Porcentaje por número respondido
Historial de tus puntuaciones
No has intentado esta prueba.